Guaranteed deposits. (Record no. 10124)

MARC details
000 -LEADER
fixed length control field 00679cam a22002411 4500
001 - CONTROL NUMBER
control field 9292942
003 - CONTROL NUMBER IDENTIFIER
control field OSt
005 - DATE AND TIME OF LATEST TRANSACTION
control field 20210216111024.0
008 - FIXED-LENGTH DATA ELEMENTS--GENERAL INFORMATION
fixed length control field 790509s1949 pau 000 0 eng
010 ## - LIBRARY OF CONGRESS CONTROL NUMBER
LC control number 49002670
035 ## - SYSTEM CONTROL NUMBER
System control number (OCoLC)4946194
040 ## - CATALOGING SOURCE
Original cataloging agency DLC
Transcribing agency IObT
Modifying agency DLC
050 00 - LIBRARY OF CONGRESS CALL NUMBER
Classification number BX9178.B37
Item number B262G
082 ## - DEWEY DECIMAL CLASSIFICATION NUMBER
Item number B262G
100 1# - MAIN ENTRY--PERSONAL NAME
Personal name Barnhouse, Donald Grey,
Dates associated with a name 1895-1960.
245 10 - TITLE STATEMENT
Title Guaranteed deposits.
260 ## - PUBLICATION, DISTRIBUTION, ETC.
Place of publication, distribution, etc. Philadelphia,
Name of publisher, distributor, etc. Revelation Publications
Date of publication, distribution, etc. [1949]
300 ## - PHYSICAL DESCRIPTION
Extent 160 p.
Dimensions 20 cm.
650 #0 - SUBJECT ADDED ENTRY--TOPICAL TERM
Topical term or geographic name entry element Presbyterian Church
General subdivision Sermons.
650 #0 - SUBJECT ADDED ENTRY--TOPICAL TERM
Topical term or geographic name entry element Sermons, American
Chronological subdivision 20th century.
906 ## - LOCAL DATA ELEMENT F, LDF (RLIN)
a 7
b cbc
c oclcrpl
d u
e ncip
f 19
g y-gencatlg
942 ## - ADDED ENTRY ELEMENTS (KOHA)
Source of classification or shelving scheme Dewey Decimal Classification
Koha item type Books
Holdings
Withdrawn status Lost status Source of classification or shelving scheme Damaged status Not for loan Collection code Home library Current library Shelving location Date acquired Total Checkouts Full call number Barcode Date last seen Price effective from Koha item type
    Dewey Decimal Classification     Non-fiction Harvest Mission College Harvest Mission College General Stacks 17.02.2021   252 B262G 011659 17.02.2021 17.02.2021 Books

OPAC Designed and Maintained by HMC Library Team.
Copyright © HMC Library,Greater Noida, UP.
For any Suggestions/Query Contact library via Email:libhmc@gmail.com